Los niños de la guerra ya somos viejos

Kaydedildi:
Detaylı Bibliyografya
Yazar: Jiménez Blanco, Antonio (Yazar)
Materyal Türü: Kitap
Dil:İspanyolca
Baskı/Yayın Bilgisi: Madrid Unión 1994
Konular:
Etiketler: Etiketle
Etiket eklenmemiş, İlk siz ekleyin!

MARC

LEADER 00000nam a2200000 a 4500
001 UCY4828
003 CL-VaPUC
008 950331e19940000SP |||||||||||||||||spa|d
082 0 4 |a 946  |b JIM  |2 21 
100 |a Jiménez Blanco, Antonio  |e author  |9 333341 
245 1 4 |a Los niños de la guerra ya somos viejos 
300 |a 425 p 
942 |c BK 
945 |d 19950331 00:00:00  |a rbrito 
260 |a Madrid  |b Unión  |c 1994 
650 7 |a HISTORIA 1936-1939  |2 CL-VaPUC  |9 333342 
650 7 |a HISTORIA 1939-  |2 CL-VaPUC  |9 324466 
651 0 |a España  |9 254926 
583 |a last modification  |c 19950331 00:00:00  |k Rodrigo Vera 
999 |c 232589  |d 232587 
952 |0 0  |1 0  |4 0  |6 946_000000000000000_JIM_1994  |7 0  |8 A  |9 237307  |a FDOPOS  |b FDOPOS  |d 2019-11-15  |i 3071359  |o 946 JIM 1994  |p 3071359  |r 2025-01-22  |w 2019-11-15  |y BK  |k MLH